Llwytho...
Entrepreneur, banker and small scale industry /
| Prif Awdur: | |
|---|---|
| Fformat: | Printed Book |
| Iaith: | English |
| Cyhoeddwyd: |
New Delhi :
Deep and Deep,
1984.
|
| LEADER | 00506nam a22001337a 4500 | ||
|---|---|---|---|
| 008 | 161014b xxu||||| |||| 00| 0 eng d | ||
| 999 | |c 159698 |d 159698 | ||
| 082 | |a 658.022 | ||
| 100 | |a Bhattacharya, Hrishikes | ||
| 245 | |a Entrepreneur, banker and small scale industry / |c Hrishikes Bhattacharya | ||
| 260 | |b Deep and Deep, |c 1984. |a New Delhi : | ||
| 300 | |a 128 p. | ||
| 942 | |c BK | ||
| 952 | |0 0 |1 0 |4 0 |6 658_022000000000000_BHA_E |7 0 |9 174120 |a CMS |b CMS |c ST1 |d 2016-10-14 |i 5065 |l 0 |o 658.022 BHA/E |p CMS5065 |r 2016-10-14 |w 2016-10-14 |y BK | ||